Guess the Taylor Swift Song (no hints) 66 - Statistics

General Stats
  • This quiz has been taken 107 times
  • The average score is 311 of 405
Answer Stats
Answer % Correct
I
100%
a
97%
You,
97%
you
97%
You
97%
the
95%
And
94%
and
94%
in
94%
your
94%
me
92%
like
91%
you're
91%
be
88%
I'm
88%
is
88%
so
88%
my
86%
all
85%
All
85%
I'll
85%
that
83%
when
83%
with
83%
With
83%
ever
82%
on
82%
to
82%
are
80%
if
80%
But
78%
can
78%
don't
78%
Why
78%
(Why
78%
can't
77%
know
77%
what
77%
Got
75%
got
75%
mean
75%
mean?
75%
mean,
75%
mean?)
75%
As
74%
just
74%
gonna
72%
words
72%
'cause
71%
'Cause
71%
how
71%
living
71%
big
69%
city
69%
have
69%
old
69%
Someday,
69%
someday,
69%
them
69%
knives
68%
liar,
68%
never
68%
see
68%
again
66%
down
66%
up
66%
enough
65%
gotta
65%
one
65%
out
65%
out,
65%
use
65%
against
63%
feel
63%
from
63%
hit
63%
nothing
63%
off
63%
things
63%
alone
62%
pathetic,
62%
life
60%
feeling
58%
now
58%
sing
58%
about
57%
weapons
57%
feet
55%
head
55%
over
55%
take
55%
yeah
55%
flaws
54%
knocked
54%
already
52%
man
52%
same
52%
Talking
52%
wanna
52%
bar
51%
game
51%
made
51%
pointed
51%
right
51%
road
51%
single
51%
swords
51%
walk
51%
Drunk
49%
weaker
49%
around
48%
blow
48%
chalkboard
48%
football
48%
impress
48%
listening
48%
okay
48%
opinion
48%
years
48%
Calling
46%
loud
46%
nobody's
46%
wounded
46%
humiliation
45%
nails
45%
picking
45%
bet
43%
bitter
43%
Trying
43%
Well,
43%
ends
42%
lead
42%
ranting
42%
Somebody
42%
voice
42%
block
40%
cold
40%
cycle
40%
lies
40%
pushed
40%
Washed
40%
sides
34%
switching
34%
wildfire
34%
grumbling
28%
No matching quizzes found
Score Distribution
Percent of People with Each Score
Percentile by Number Answered
Your Score History
You have not taken this quiz